| 000 | 01094nam a2200301 4500 | ||
|---|---|---|---|
| 001 | 191413 | ||
| 003 | SpMaBN | ||
| 005 | 20240224114839.0 | ||
| 008 | 220922s1999 sp | ||| ||spa | ||
| 016 | 7 |
_abimoBNE20000235606 [ _2SpMaBN] |
|
| 017 |
_aM 24175-1999 _bOficina Depósito Legal Madrid |
||
| 020 | _a84-294-6472-7 | ||
| 035 | _a(OCoLC)636494900 | ||
| 040 |
_aSpMaBN _bspa _cSpMaBN _erdc |
||
| 080 | _a(038)=134.2 | ||
| 100 | 1 |
_aSeco, Manuel. _9105046 |
|
| 245 | 1 | 0 |
_aDiccionario del español actual / _cManuel Seco, Olimpia Andrés, Gabino Ramos. |
| 250 | _a1a ed., 2a reimp. | ||
| 260 |
_a[Madrid] : _bAguilar, _c[1999] |
||
| 300 |
_a2 v.(XXVII, 4638 p.) ; _c26 cm. |
||
| 650 | 0 | 7 |
_aLengua española- _vDiccionarios. _914137 |
| 700 | 1 |
_aAndrés, Olimpia. _921583 |
|
| 700 | 1 |
_aRamos González, Gabino. _9175235 |
|
| 852 |
_aES-MaACL _jA-15180 _9198614 _bR.127934 _cDEPO1 _dOlim: DIC-L 134.2 SEC _dOlim: Meseton _pVol.2 |
||
| 852 |
_aES-MaACL _jA-15179 _91986615 _cDEPO1 _dOlim: DIC-L 134.2 SEC _dOlim: Meseton _pVol.1 _tEj.1 |
||
| 942 | _2udc | ||
| 999 |
_c191413 _d191413 |
||